| 000 | 00922nam a2200145Ia 4500 | ||
|---|---|---|---|
| 008 | 231221s9999 xx 000 0 und d | ||
| 041 | _aEnglish | ||
| 082 | _aCPEC15-1084 | ||
| 100 | _aSantha Meena, S. Shilpa Bhajantri. Manikandan, J. | ||
| 245 | 0 | _aDimensions Of Clustering In Wireless Sensor Network | |
| 260 | _c2015 | ||
| 500 | _aDimensions Of Clustering In Wireless Sensor Network S Santha Meena, Shilpa Bhajantri, Dr. Manikandan.J Department of Telecommunication Engineering, PES Institute of Technology, Bangalore. Dept. of Electronics and Communication Engineering, PES University, Bangalore, India. Email: santhameena.s@pes.edu , shilpabhajantri@gmail.com, manikandanj@pes.edu 2015 International Conference on Information Processing (ICIP) pp. 27-32. IEEE, December 2015 | ||
| 650 | _aDimensions,Clustering,Wireless,Sensor,Network | ||
| 942 | _cIR | ||
| 999 |
_c233609 _d233609 |
||